[Event "10th La Fere Open"]
[Site "La Fere FRA"]
[Date "2011.07.04"]
[Round "3.22"]
[White "Vernede,Victor"]
[Black "Koechler,Thomas"]
[Result "0-1"]
[WhiteElo "1702"]
[BlackElo "1989"]

1.d4 d5 2.c4 Nc6 3.Nf3 Bg4 4.Bf4 Bxf3 5.gxf3 dxc4 6.e3 e5 7.dxe5 Qxd1+ 8.Kxd1 O-O-O+
9.Kc2 Nb4+ 10.Kc3 b5 11.a3 Nd5+ 12.Kc2 Nxf4 13.exf4 Bc5 14.Bh3+ Kb7 15.Rf1 Ne7
16.Nc3 c6 17.Ne4 Kb6 18.Rad1 Nd5 19.f5 Nf4 20.Ng5 Rxd1 21.Rxd1 f6 22.exf6 gxf6
23.Ne4 Nxh3 24.Nxf6 Nxf2 25.Nd7+ Ka5 26.Nxc5 Nxd1 27.Kxd1 Rf8 28.b4+ cxb3
29.Nxb3+ Ka4 30.Na1 Rxf5 31.Nc2 Rxf3 32.Ke2 Rh3 33.Nd4 Rxh2+ 34.Kd3 c5 35.Ne6 c4+
36.Kc3 Rh3+ 37.Kc2 Kxa3 38.Nd4 b4 39.Nb5+ Ka4 40.Nxa7 Rh2+ 41.Kc1 b3 42.Nc6 c3
43.Kd1 b2 44.Nd4 b1=Q+  0-1

[Event "38th ch-IND w Challengers"]
[Site "Chennai IND"]
[Date "2011.07.05"]
[Round "5"]
[White "Bhakti,K"]
[Black "Bharathi,R"]
[Result "1-0"]
[WhiteElo "2317"]
[BlackElo "2117"]

1.d4 d5 2.c4 Nc6 3.cxd5 Qxd5 4.Nf3 e5 5.Nc3 Bb4 6.Bd2 Bxc3 7.bxc3 e4 8.Ng1 Nf6
9.e3 b6 10.c4 Qd6 11.Ne2 O-O 12.Nc3 Ne7 13.Be2 a6 14.a4 c5 15.Bc1 Qc7 16.d5 Nf5
17.O-O Nd6 18.Bb2 Bf5 19.Qb3 Bg4 20.f3 exf3 21.gxf3 Bh3 22.Rf2 Nf5 23.Ne4 Nxe4
24.fxe4 Nh6 25.e5 Qd8 26.Kh1 Bf5 27.Bd3 Qg5 28.Bxf5 Nxf5 29.Qd3 Nxe3 30.Rg1 Ng4
31.Rfg2 h5 32.Qg3 b5 33.h3 bxa4 34.hxg4 Rab8 35.Bc1 Qxg4 36.Qe3 Qh4+ 37.Rh2 Qxc4
38.Rxg7+ Kxg7 39.Qg5+  1-0

[Event "XXVI Tadeusza Gniota"]
[Site "Police POL"]
[Date "2011.07.05"]
[Round "1.2"]
[White "Olszewski,Mi"]
[Black "Tokarczyk,T"]
[Result "1-0"]
[WhiteElo "2541"]
[BlackElo "2199"]

1.d4 d5 2.c4 Nc6 3.Nc3 dxc4 4.Nf3 Bg4 5.d5 Bxf3 6.gxf3 Ne5 7.f4 Ng6 8.f5 Nh4
9.Bh3 Qd7 10.Bg5 Ng6 11.fxg6 Qxh3 12.Qa4+ c6 13.dxc6 b5 14.Nxb5 fxg6 15.Nc7+ Kf7
16.Nxa8 Qg2 17.Qxc4+ e6 18.O-O-O Qxg5+ 19.f4 Qf5 20.c7 Ne7 21.Rd7  1-0

[Event "9th Niki Open"]
[Site "Nachod CZE"]
[Date "2011.07.06"]
[Round "5.50"]
[White "Kral,Z"]
[Black "Kebort,Frantisek"]
[Result "1-0"]
[WhiteElo "1556"]
[BlackElo "1482"]

1.d4 d5 2.c4 Nc6 3.Nf3 g6 4.Nc3 Bf5 5.Nxd5 f6 6.Nc3 Nb4 7.e4 Bg4 8.Be2 e6
9.h3 Bxf3 10.Bxf3 Bh6 11.Bxh6 Nxh6 12.a3 Nc6 13.d5 Ne5 14.O-O Qe7 15.Be2 O-O
16.Qd2 Kg7 17.Rad1 Rad8 18.Qe3 b6 19.Rd2 c5 20.Rfd1 f5 21.f4 Nef7 22.e5 g5
23.Bh5 gxf4 24.Qxf4 Qg5 25.Qxg5+ Nxg5 26.h4 Ne4 27.Nxe4 fxe4 28.dxe6 Rxd2
29.Rxd2 Nf5 30.Rd7+ Kh6 31.Bf7 Ng7 32.g4 Ne8 33.g5+ Kg7 34.Bxe8+ Kg8 35.Bf7+ Kg7
36.Kf2 Rh8 37.h5 h6 38.g6 a5 39.e7 e3+ 40.Kxe3 b5 41.Rd8 bxc4 42.Rxh8  1-0

[Event "111th ch-SUI"]
[Site "Leukerbad SUI"]
[Date "2011.07.07"]
[Round "1"]
[White "Besse,L"]
[Black "Raetsky,A"]
[Result "0-1"]
[WhiteElo "2073"]
[BlackElo "2425"]

1.d4 d5 2.c4 Nc6 3.Nf3 Bg4 4.e3 e5 5.Qa4 Bxf3 6.gxf3 exd4 7.cxd5 Qxd5 8.Rg1 Bb4+
9.Bd2 dxe3 10.fxe3 Qc5 11.Nc3 Ne7 12.Rxg7 O-O-O 13.Qb5 Qd6 14.Qe2 Ne5 15.O-O-O N7g6
16.f4 Qf6 17.Rxg6 Nxg6 18.Qc4 Bxc3 19.Bxc3 Rxd1+ 20.Kxd1 Rd8+ 21.Kc2 Qe6
22.a4 Qxe3 23.f5 Ne5 24.Qb5 Nc6  0-1

[Event "St Pauli Open"]
[Site "Hamburg GER"]
[Date "2011.07.09"]
[Round "1.3"]
[White "Kopylov,M"]
[Black "Nachtkamp,H"]
[Result "1-0"]
[WhiteElo "2470"]
[BlackElo "2068"]

1.d4 d5 2.c4 Nc6 3.Nc3 Nf6 4.cxd5 Nxd5 5.Nf3 Nxc3 6.bxc3 e5 7.d5 Ne7 8.e4 Ng6
9.Bb5+ Bd7 10.Qb3 Bd6 11.Bxd7+ Qxd7 12.Qxb7 O-O 13.O-O Qa4 14.Qb1 Qc4 15.Qc2 Bc5
16.Re1 Rab8 17.Nd2 Qa6 18.Nb3 Qa4 19.c4 Rb4 20.Qd3 Rxc4 21.Nxc5 Rxc5 22.Ba3  1-0

[Event "St Pauli Open"]
[Site "Hamburg GER"]
[Date "2011.07.09"]
[Round "1.26"]
[White "Schmidt Brauns,R"]
[Black "Hebbinghaus,H"]
[Result "1/2-1/2"]
[WhiteElo "1999"]
[BlackElo "2189"]

1.d4 d5 2.c4 Nc6 3.cxd5 Qxd5 4.Nf3 e5 5.Nc3 Bb4 6.dxe5 Qxd1+ 7.Kxd1 Bg4 8.Bg5 Nge7
9.Kc2 Ng6 10.h3 Bxf3 11.exf3 O-O 12.Rd1 Ncxe5  1/2-1/2

[Event "XIII Open"]
[Site "Torredembarra ESP"]
[Date "2011.07.10"]
[Round "9"]
[White "Pozo Vera,S"]
[Black "Kukov,V"]
[Result "1-0"]
[WhiteElo "2471"]
[BlackElo "2377"]

1.d4 d5 2.c4 Nc6 3.Nf3 Bg4 4.Nc3 dxc4 5.d5 Bxf3 6.exf3 Ne5 7.Bf4 Ng6 8.Bxc4 Nf6
9.Bg3 a6 10.a4 Nh5 11.Qb3 Nxg3 12.Qxb7 Ne5 13.hxg3 Rb8 14.Qxa6 e6 15.Bb5+ Ke7
16.Rd1 Rb6 17.Qa7 Qc8 18.d6+ Kf6 19.dxc7 Rb7 20.Qd4 Rxc7 21.f4  1-0

[Event "St Pauli Open"]
[Site "Hamburg GER"]
[Date "2011.07.11"]
[Round "3.26"]
[White "Kopisch,M"]
[Black "Nachtkamp,H"]
[Result "1/2-1/2"]
[WhiteElo "2148"]
[BlackElo "2068"]

1.d4 d5 2.c4 Nc6 3.e3 Nf6 4.Nc3 e6 5.Bd3 dxc4 6.Bxc4 a6 7.Bd2 Be7 8.Rc1 O-O
9.Nf3 b5 10.Bb3 Nb4 11.O-O Nd3 12.Rb1 c5 13.a3 Bb7 14.Bc2 c4 15.Bxd3 cxd3
16.Ne5 a5 17.Nxd3 b4 18.axb4 axb4 19.Ne2 Qb6 20.Ne5 Rfd8 21.Nf4 Ne4 22.f3 Nxd2
23.Qxd2 f6 24.Nc4 Qa6 25.Qc1 g5 26.Nh3 Rdc8 27.b3 Bd5 28.Qd2 Bxc4 29.bxc4 Rxc4
30.Nf2 Qa2 31.Rb2 Qa3 32.Rfb1 Qc3 33.Ne4 Qxd2 34.Nxd2 Rc3 35.Kf2 Rac8 36.Ke2 Kf7
37.Ne4 R3c7 38.Kd2 f5 39.Nf2 Bd6 40.h3 e5 41.Nd3 exd4 42.exd4 Rc4 43.Ne5+ Bxe5
44.dxe5 Rd8+ 45.Ke2 Rc5 46.Kf1  1/2-1/2

[Event "Lev Polugaevsky Mem"]
[Site "Samara RUS"]
[Date "2011.07.11"]
[Round "7"]
[White "Aleksandrov,A"]
[Black "Pasiev,R"]
[Result "1-0"]
[WhiteElo "2609"]
[BlackElo "2313"]

1.d4 d5 2.c4 Nc6 3.cxd5 Qxd5 4.e3 e5 5.Nc3 Bb4 6.Bd2 Bxc3 7.Bxc3 exd4 8.Ne2 Nge7
9.Nxd4 Nxd4 10.Qxd4 Qxd4 11.Bxd4 f6 12.Rc1 Nc6 13.Bc3 Be6 14.a3 O-O-O 15.Be2 Rhe8
16.O-O Bb3 17.h4 Ne5 18.Bd1 Bxd1 19.Rfxd1 Nd3 20.Rc2 b6 21.b4 c5 22.h5 h6
23.bxc5 Nxc5 24.Rd4 Kb7 25.g4 Ne6 26.Rxd8 Rxd8 27.Bb2 Nc5 28.Kh2 Nd3 29.Ba1 Nc5
30.Bd4 Nb3 31.Bb2 Rc8 32.Rxc8 Kxc8 33.g5 Nd2 34.Bxf6 Nf3+ 35.Kg3 Nxg5 36.Bxg7 Nf7
37.Kf4 Kd7 38.Kf5 Ke7 39.Kg6 b5 40.Bc3  1-0

[Event "Asian Zonal 3.1 Men"]
[Site "Sharjah UAE"]
[Date "2011.07.11"]
[Round "8"]
[White "Salem,AR"]
[Black "Khader,Sam"]
[Result "1-0"]
[WhiteElo "2493"]
[BlackElo "2402"]

1.d4 d5 2.c4 Nc6 3.cxd5 Qxd5 4.e3 e5 5.Nc3 Bb4 6.Bd2 Bxc3 7.bxc3 Nf6 8.c4 Qd6
9.d5 Ne7 10.Rb1 Ne4 11.Nf3 Nxd2 12.Qxd2 O-O 13.Qc3 Bf5 14.Rd1 e4 15.Nd4 Bg4
16.Be2 Bxe2 17.Nxe2 c5 18.h4 Rad8 19.Ng3 f5 20.Nh5 Rf7 21.Nf4 Qf6 22.Qxf6 Rxf6
23.Ne6 Rc8 24.a4 Ng6 25.Kd2 Ne5 26.Kc3 Rf7 27.Rd2 Rd7 28.Rb1 Nf7 29.Rb5 b6
30.a5 Nd6 31.Rb3 bxa5 32.Ra2 Rb7 33.Rxa5 Rb4 34.Rxb4 cxb4+ 35.Kb3 Nxc4 36.Rxa7 g6
37.Kxb4 Nb6 38.d6 Rc6 39.d7  1-0

[Event "Oberwart Open"]
[Site "Oberwart AUT"]
[Date "2011.07.12"]
[Round "4"]
[White "Menezes,Chr"]
[Black "Nemeth,Mi1"]
[Result "1/2-1/2"]
[WhiteElo "2200"]
[BlackElo "2433"]

1.d4 d5 2.c4 Nc6 3.Nf3 Bg4 4.Nc3 e6 5.cxd5 exd5 6.Bf4 Bd6 7.Nxd5 Bxf4 8.Nxf4 Bxf3
9.gxf3 Qxd4 10.Qxd4 Nxd4 11.O-O-O Ne6 12.Nxe6 fxe6 13.Bh3 Ke7 14.Rhg1 g6
15.Rg5 Nh6 16.Rc5 c6 17.f4 Rad8 18.Re5 Rxd1+ 19.Kxd1 Rd8+ 20.Ke1 Nf5 21.Bg2 Kf6
22.Ra5 a6 23.e3 Nd6 24.Rc5 Nf5 25.Ke2 Ke7 26.Rc1 Rd6 27.Be4 Kf6 28.Rc3 Ne7
29.Rc1 a5 30.a3 Nd5 31.Rd1 c5 32.Bd3 Rc6 33.Be4 Rb6 34.Rd2 c4 35.Rc2 Rc6
36.Kd2 b5 37.Bxd5 exd5 38.Kc3 Ke6 39.Kd4  1/2-1/2

[Event "Oberwart Open"]
[Site "Oberwart AUT"]
[Date "2011.07.12"]
[Round "4"]
[White "Schreiner,Pe"]
[Black "Bukal,V jr"]
[Result "1/2-1/2"]
[WhiteElo "2326"]
[BlackElo "2415"]

1.d4 d5 2.c4 Nc6 3.Nc3 dxc4 4.Nf3 Nf6 5.Bg5 h6 6.Bxf6 exf6 7.e3 Bd6 8.Bxc4 O-O
9.Qc2 a6 10.O-O f5 11.a3 g6 12.Rad1 Qf6 13.Rfe1 Qg7 14.Na4 g5 15.Nc5 f4 16.Bd5 g4
17.Ne5 fxe3 18.Nxc6 bxc6 19.Bxc6 exf2+ 20.Qxf2 g3 21.Qc2 Bg4 22.Bxa8 Bxd1
23.Rxd1 gxh2+ 24.Kh1 Rxa8 25.Qe4 Rb8 26.b4 Kh8 27.Rf1 Rg8 28.Nxa6 f5 29.Qd5 Qg4
30.Nc5 Qe2 31.Qf3 Qb2 32.Qf2 Qxa3 33.Qxf5 Rf8  1/2-1/2

[Event "Nana Aleksandria Cup"]
[Site "Poti GEO"]
[Date "2011.07.12"]
[Round "2"]
[White "Shalamberidze,A"]
[Black "Imnadze,N"]
[Result "1-0"]
[WhiteElo "2327"]
[BlackElo "1991"]

1.d4 d5 2.c4 Nc6 3.e3 dxc4 4.Bxc4 e5 5.Nf3 Bb4+ 6.Nc3 Bg4 7.h3 exd4 8.exd4 Bxf3
9.Qxf3 Nf6 10.O-O O-O 11.Be3 Qe7 12.Rad1 Rad8 13.Bg5 Nxd4 14.Qxb7 Qc5 15.Bxf6 gxf6
16.Bd3 Bxc3 17.bxc3 Ne6 18.Qf3 Qg5 19.g3 Kh8 20.h4 Qh6 21.Bc4 Qg6 22.Rfe1 Ng7
23.Rxd8 Rxd8 24.Re7 Rf8 25.Rxf7 Rxf7 26.Qa8+ Ne8 27.Qxe8+ Kg7 28.Qxf7+ Qxf7
29.Bxf7 Kxf7 30.Kf1 Ke6 31.Ke2 Kd5 32.f3 f5 33.Ke3 Kc4 34.g4 f4+ 35.Kxf4 c5
36.g5 Kxc3 37.h5  1-0

[Event "St Pauli Open"]
[Site "Hamburg GER"]
[Date "2011.07.13"]
[Round "6.12"]
[White "Henrich,H"]
[Black "Hebbinghaus,H"]
[Result "1/2-1/2"]
[WhiteElo "2242"]
[BlackElo "2189"]

1.d4 d5 2.c4 Nc6 3.Nc3 Nf6 4.Nf3 dxc4 5.Bg5 h6 6.Bh4 a6 7.d5 Na7 8.a4 e6
9.e4 Be7 10.Bxc4 exd5 11.exd5 O-O 12.O-O Bg4 13.h3 Bxf3 14.Qxf3 Nc8 15.Rfe1 Nd6
16.Bb3 Re8 17.Rad1 Nd7 18.Bg3 Bf6 19.Ne4 Be5 20.Bc2 Bxg3 21.Nxg3 Qf6 22.Qd3 g6
23.b4 h5 24.Ne4 Nxe4 25.Rxe4 Rxe4 26.Qxe4 Qd6 27.a5 Nf6 28.Qc4 Rd8 29.Bb3 Re8
30.Bc2 Rd8  1/2-1/2

[Event "118th ch-SCO"]
[Site "Edinburgh SCO"]
[Date "2011.07.14"]
[Round "6"]
[White "Doyle,James"]
[Black "Way,Julian M"]
[Result "1-0"]
[WhiteElo "2049"]
[BlackElo "1878"]

1.d4 d5 2.c4 Nc6 3.e3 e5 4.cxd5 Qxd5 5.Nc3 Bb4 6.Bd2 Bxc3 7.bxc3 Qd6 8.Bc4 Nf6
9.Ne2 O-O 10.Ng3 Bg4 11.Be2 Bxe2 12.Nxe2 Rfe8 13.O-O Rad8 14.Ng3 Ne7 15.Qb3 b6
16.Bc1 Nc6 17.Ba3 Qe6 18.Qxe6 Rxe6 19.Rad1 h6 20.Nf5 g6 21.Ng3 Kg7 22.Bb2 Kf8
23.c4 Ke8 24.d5 Red6 25.Ra1 Nxd5 26.cxd5 Rxd5 27.Ne4 Rb5 28.Ba3 f5 29.Rac1 fxe4
30.Rxc6 Rd3 31.Bc1 Kd7 32.Rc2 c5 33.f3 exf3 34.gxf3 Ke6 35.Kf2 Rb4 36.Ke2 Rd7
37.Rg1 g5 38.Rg4 Rxg4 39.fxg4 h5 40.h3 hxg4 41.hxg4 Rh7 42.Kf3 Rh3+ 43.Kg2 Rh4
44.Kg3 e4 45.Bb2 Rh1 46.Rf2 Rg1+ 47.Kh3 Re1 48.Bf6 Rxe3+ 49.Kg2 Rf3 50.Bxg5 Rxf2+
51.Kxf2 Ke5 52.Ke3 c4 53.Bh6 b5 54.Bg7+ Kd5 55.Bc3 a6 56.a3 Ke6 57.Kxe4 Kf7
58.Kf5  1-0

[Event "III Corporation Cup A"]
[Site "Izhevsk RUS"]
[Date "2011.07.16"]
[Round "2"]
[White "Shinkevich,V"]
[Black "Vorobjev,D"]
[Result "1-0"]
[WhiteElo "2474"]
[BlackElo "2202"]

1.d4 d5 2.c4 Nc6 3.Nc3 dxc4 4.Nf3 Nf6 5.h3 e6 6.e4 Bb4 7.Bg5 h6 8.Bxf6 Qxf6
9.Bxc4 O-O 10.O-O Rd8 11.a3 Ba5 12.e5 Qe7 13.b4 Bb6 14.d5 exd5 15.Nxd5 Qe8
16.Qb3 Be6 17.Rfe1 Bxd5 18.Bxd5 Nd4 19.Nxd4 Bxd4 20.e6 Rxd5 21.Qxd5 Bxa1
22.Qxb7 fxe6 23.Rxa1 a5 24.bxa5 Rxa5 25.Qxc7 Qa8 26.Rb1 Qd5 27.Rb7 Qe5 28.Rb8+ Kh7
29.Qxe5 Rxe5 30.Rb1 Ra5 31.Ra1 Kg6 32.a4 Kf5 33.Kf1 Ke4 34.Ke2 Kd4 35.h4 g5
36.hxg5 hxg5 37.Kf3 Rf5+ 38.Kg3 Ra5 39.Kg4 Ke4 40.Ra3 Kd4 41.Kh5 Ke4 42.Rg3 g4+
43.Kh4 Kf5 44.Rxg4 e5 45.Rb4 Ra8 46.g4+ Kf6 47.Rb6+ Kf7 48.Rb5 Kf6 49.a5 Rh8+
50.Kg3 Ra8 51.Rb6+ Kg5 52.a6 Rc8 53.Rb3 Rc4 54.Ra3 Rxg4+ 55.Kf3 Rh4 56.Ra5 Rf4+
57.Ke3 Rf8 58.a7 Ra8 59.Ke4 Kf6 60.Kd5 Kf5 61.Kc6 Kf4 62.Kb7 Rxa7+ 63.Kxa7 e4
64.Ra3  1-0

[Event "Miguel Najdorf Mem op A"]
[Site "Warsaw POL"]
[Date "2011.07.16"]
[Round "3.22"]
[White "Lach,A"]
[Black "Kukawski,M"]
[Result "0-1"]
[WhiteElo "2154"]
[BlackElo "2338"]

1.d4 d5 2.c4 Nc6 3.Nf3 Bg4 4.cxd5 Bxf3 5.gxf3 Qxd5 6.e3 e5 7.Nc3 Bb4 8.Bd2 Bxc3
9.bxc3 Qd6 10.Rb1 b6 11.Bg2 Nge7 12.f4 exf4 13.e4 O-O 14.e5 Qg6 15.O-O Nf5
16.Bxf4 Nh4 17.Bg3 Nxg2 18.Kxg2 h5 19.h4 Ne7 20.Kh2 Rad8 21.Rb2 c5 22.Rd2 cxd4
23.cxd4 Rd5 24.f3 Nf5 25.Rg1 Qh6 26.e6 Qxe6 27.Bf2 Qd6+ 28.Kh3 Rd8 29.Rg5 Ne7
30.Bg3 Qe6+ 31.Kh2 Rxg5 32.hxg5 Qf5 33.Qe1 Ng6 34.Qe3 Rd5 35.Rd1 h4 36.Bb8 Qc8
37.Bf4 Qc2+ 38.Rd2 Qf5 39.Bb8 Rd8 40.Bc7 Rc8 41.Be5 Rc2 42.f4 Ne7 43.a3 Nd5
44.Qf2 Rc3 45.Qxh4 Ne3 46.g6 Ng4+ 47.Kg1 Rc1+  0-1

[Event "St Pauli Open"]
[Site "Hamburg GER"]
[Date "2011.07.17"]
[Round "9.25"]
[White "Zart,R"]
[Black "Welsh,M"]
[Result "1-0"]
[WhiteElo "2179"]
[BlackElo "2061"]

1.d4 d5 2.c4 Nc6 3.Nf3 Bg4 4.cxd5 Bxf3 5.gxf3 Qxd5 6.e3 e5 7.Nc3 Bb4 8.Bd2 Bxc3
9.bxc3 Qd6 10.Qb3 Nd8 11.Qb5+ c6 12.Qxe5+ Qxe5 13.dxe5 Ne7 14.f4 Ne6 15.c4 Rd8
16.Bb4 g5 17.fxg5 Nxg5 18.Bg2 Rg8 19.f4 Ne6 20.Be4 h6 21.Ke2 c5 22.Bc3 b6
23.Rhg1 Kf8 24.Rxg8+ Kxg8 25.Rg1+ Kf8 26.Be1 Rd7 27.Bh4  1-0

[Event "Czech GM Open A"]
[Site "Pardubice CZE"]
[Date "2011.07.22"]
[Round "1.77"]
[White "Voloshin,L"]
[Black "Plesek,J"]
[Result "1-0"]
[WhiteElo "2411"]
[BlackElo "2207"]

1.d4 d5 2.c4 Nc6 3.Nf3 Bg4 4.cxd5 Bxf3 5.gxf3 Qxd5 6.e3 e5 7.Nc3 Bb4 8.Bd2 Bxc3
9.bxc3 Qd6 10.Rb1 b6 11.Bg2 Nge7 12.f4 exf4 13.e4 Rd8 14.O-O O-O 15.Qg4 Ng6
16.Bc1 Qe6 17.Qe2 Nce7 18.Re1 Rfe8 19.Rb2 c5 20.Rd2 Nh4 21.f3 cxd4 22.cxd4 Qg6
23.Kh1 Nef5 24.Rg1 Qh5 25.Bh3 Nxd4 26.Rxd4 Rxd4 27.Bg4 Qh6 28.Bb2 Rd6 29.e5 Ng6
30.Qb5 Rdd8 31.Re1 Nf8 32.Qe2 Ne6 33.Rg1 Rd7 34.Ba3 Red8 35.Bd6 Qh4 36.Qc4 Rxd6
37.exd6 Rxd6 38.Bxe6 fxe6 39.Qc7  1-0

[Event "16th Balaguer Open"]
[Site "Balaguer ESP"]
[Date "2011.07.24"]
[Round "8"]
[White "Trepat Herranz,J"]
[Black "Rodrigo Yanguas,M"]
[Result "1-0"]
[WhiteElo "2352"]
[BlackElo "2102"]

1.d4 d5 2.c4 Nc6 3.Nc3 dxc4 4.Nf3 a6 5.d5 Na7 6.e4 b5 7.Be3 e6 8.Qc2 exd5
9.O-O-O Nf6 10.e5 Nd7 11.Nxd5 Be7 12.Nf4 g5 13.Nh5 O-O 14.h4 gxh4 15.Qe4 f5
16.Qxa8 c5 17.Qd5+ Kh8 18.Bh6 Rg8 19.Qf7 Bg5+ 20.Nxg5  1-0

[Event "26th Avoine Open"]
[Site "Avoine FRA"]
[Date "2011.07.30"]
[Round "8"]
[White "Navrotescu,C"]
[Black "Bon,M"]
[Result "0-1"]
[WhiteElo "2423"]
[BlackElo "2275"]

1.d4 d5 2.c4 Nc6 3.Nc3 dxc4 4.d5 Ne5 5.f4 Nd7 6.e4 Nb6 7.a4 a5 8.Be3 e6 9.Bxb6 cxb6
10.Bxc4 Bb4 11.Nf3 Nf6 12.O-O O-O 13.Qd3 Ng4 14.Kh1 Bc5 15.e5 exd5 16.Nxd5 Be6
17.Ng5 g6 18.Qb3 Bxd5 19.Bxd5 Qe7 20.Ne4 Rad8 21.Rf3 Kg7 22.h3 Ne3 23.Nf6 Nxd5
24.Nxd5 Qe6 25.Rd1 Rd7 26.Rfd3 Rfd8 27.Qc4 h5 28.Qe4 Be7 29.Kh2 Bc5 30.Kg3 Bg1
31.Kf3 h4 32.Nf6 Rxd3+ 33.Rxd3 Rxd3+ 34.Qxd3 Qc6+ 35.Qe4 Qc1 36.Ne8+ Kf8
37.Nd6 Qxb2 38.Kg4 Qf2 39.Qf3 Qxf3+ 40.Kxf3 f6 41.Ke4 f5+ 42.Kd5 Be3 43.Nc4 Bxf4
44.Nxa5 bxa5  0-1

[Event "Politiken Cup"]
[Site "Helsingor DEN"]
[Date "2011.07.30"]
[Round "1.7"]
[White "Khenkin,I"]
[Black "Hjornevik,K"]
[Result "1-0"]
[WhiteElo "2620"]
[BlackElo "1959"]

1.d4 d5 2.c4 Nc6 3.Nc3 dxc4 4.Nf3 Bg4 5.d5 Bxf3 6.exf3 Na5 7.Qa4+ c6 8.b4 b5
9.Qxa5 Qxa5 10.bxa5 b4 11.dxc6 bxc3 12.Bxc4 e6 13.Ba6 Bd6 14.Bb7 Rd8 15.Be3 Bc7
16.a6 Nf6 17.Bxa7 O-O 18.Bc5 Rfe8 19.O-O Nd5 20.g3 h5 21.a7 h4 22.Kg2 Ba5
23.Rad1 hxg3 24.hxg3 g6 25.Rd4 Kg7 26.Ra4 Bb6 27.Bxb6 Nxb6 28.c7  1-0

[Event "Politiken Cup"]
[Site "Helsingor DEN"]
[Date "2011.07.30"]
[Round "1.62"]
[White "Rosenkilde,A"]
[Black "Hald,Morten Hansen"]
[Result "1-0"]
[WhiteElo "2235"]
[BlackElo "1829"]

1.d4 d5 2.c4 Nc6 3.Nc3 Nf6 4.Nf3 Bg4 5.Ne5 dxc4 6.Nxg4 Nxg4 7.d5 Nce5 8.f4 Nd7
9.e4 Nh6 10.Bxc4 a6 11.Be3 b5 12.Bb3 Rc8 13.g4 f6 14.O-O c5 15.dxc6 Rxc6
16.g5 Nf7 17.Bxf7+ Kxf7  1-0

[Event "9th Metropolitan Invitational"]
[Site "Los Angeles USA"]
[Date "2011.07.31"]
[Round "9"]
[White "Mateer,Amanda Rae"]
[Black "Nunez Hirales,J"]
[Result "1/2-1/2"]
[WhiteElo "2096"]
[BlackElo "2078"]

1.d4 d5 2.c4 Nc6 3.Nc3 dxc4 4.d5 Ne5 5.Bf4 Ng6 6.Bg3 e5 7.e4 Bd6 8.Bxc4 Nf6
9.Nge2 O-O 10.h3 Nh5 11.Bh2 Qg5 12.g4 Nh4 13.Qd3 Ng2+  1/2-1/2

[Event "Politiken Cup"]
[Site "Helsingor DEN"]
[Date "2011.08.02"]
[Round "5.50"]
[White "Pedersen,G"]
[Black "Jensen,I"]
[Result "1-0"]
[WhiteElo "2218"]
[BlackElo "1985"]

1.d4 d5 2.c4 Nc6 3.Nc3 Nf6 4.cxd5 Nxd5 5.Nf3 Bg4 6.e4 Nxc3 7.bxc3 e6 8.Rb1 Be7
9.Rxb7 O-O 10.Be2 Na5 11.Rb1 c5 12.O-O Qc7 13.Ne5 Bxe2 14.Qxe2 cxd4 15.cxd4 f6
16.Nf3 Rfc8 17.Qa6 Kf7 18.d5 exd5 19.exd5 Nc4 20.Qe6+ Kf8 21.Nd4 Qd6 22.Rb7 Rcb8
23.Rd7 Qxe6 24.Nxe6+ Ke8 25.Rc7 Nb6 26.Nxg7+ Kf7 27.Rd1 Kxg7 28.Rxe7+ Kg6
29.d6 Rd8 30.g4 Nc8 31.Re6 Kf7 32.Rde1 Rxd6 33.Re8 Rd1 34.Rxd1 Kxe8 35.Bb2 Ke7
36.Ba3+ Ke8 37.Re1+ Kf7 38.Kg2 Rb8 39.Rc1 Kg6 40.Rc7 a6 41.Bf8 f5 42.Rg7+ Kf6
43.g5+ Ke5 44.Rxh7 Nb6 45.Bg7+ Kf4 46.Bf6 Ke4 47.Re7+  1-0

[Event "Politiken Cup"]
[Site "Helsingor DEN"]
[Date "2011.08.02"]
[Round "5.100"]
[White "Nielsen,Bo1"]
[Black "Okland,Sveinung"]
[Result "1/2-1/2"]
[WhiteElo "2083"]
[BlackElo "1836"]

1.d4 d5 2.c4 Nc6 3.e3 e5 4.dxe5 d4 5.a3 Be6 6.Nf3 dxe3 7.Qxd8+ Rxd8 8.Bxe3 Nge7
9.Bg5 h6 10.Bxe7 Bxe7 11.Nbd2 O-O 12.O-O-O Nd4 13.Bd3 Bg4 14.h3 Bxf3 15.Nxf3 Nxf3
16.gxf3 Bg5+ 17.Kc2 Rfe8 18.Rhe1 Bf4 19.Re4 g5 20.Rde1 Re6 21.h4 Rde8 22.hxg5 hxg5
23.Rg1 Kf8 24.b3 c5 25.Re2 a5 26.a4 Rxe5  1/2-1/2

[Event "Politiken Cup"]
[Site "Helsingor DEN"]
[Date "2011.08.03"]
[Round "6.66"]
[White "Johansen,St"]
[Black "Andersen,Mo"]
[Result "1/2-1/2"]
[WhiteElo "1961"]
[BlackElo "2172"]

1.d4 d5 2.c4 Nc6 3.Nf3 Bg4 4.e3 e5 5.cxd5 Qxd5 6.Nc3 Bb4 7.Be2 e4 8.Nd2 Bxc3
9.Bxg4 Bb4 10.a3 Bd6 11.Qb3 Qxb3 12.Nxb3 Nf6 13.Be2 O-O 14.Nd2 Rfe8 15.Nc4 Bf8
16.b4 Ne7 17.Bb2 Ned5 18.Ne5 Bd6 19.Bc4 c6 20.Rd1 b5 21.Bb3 Rec8 22.g4 h6
23.h4 Bxe5 24.dxe5 Nxg4 25.Rc1 Kf8 26.Bd4 Ke8 27.Ke2 h5 28.f3 exf3+ 29.Kxf3 Ne7
30.e6 f6 31.Rc5 g6 32.Rg1 a5 33.Rxg4 hxg4+ 34.Kxg4 f5+ 35.Kg5 axb4 36.axb4 Ra3
37.Bd1 Ra2 38.h5 Rg2+ 39.Kf6 Kf8 40.Rc2 Rxc2 41.Bxc2 gxh5 42.Bc5 Rc7 43.Bxf5 Ke8
44.Bxe7 Rxe7 45.Bg6+ Kd8 46.Bxh5 Rc7 47.Bf3 Ke8 48.Be4 Kd8 49.Bd3 Ke8 50.Bg6+ Kd8
51.e4 c5 52.bxc5 b4 53.e5  1/2-1/2

[Event "Politiken Cup"]
[Site "Helsingor DEN"]
[Date "2011.08.03"]
[Round "6.93"]
[White "Overas,Vegard"]
[Black "Meier,L"]
[Result "1/2-1/2"]
[WhiteElo "1561"]
[BlackElo "1980"]

1.d4 d5 2.c4 Nc6 3.Nf3 Nf6 4.Nc3 dxc4 5.e3 e5 6.Bxc4 exd4 7.Nxd4 Nxd4 8.exd4 Bd6
9.O-O O-O 10.Bg5 c6 11.h3 Bf5 12.Qf3 Bg6 13.d5 c5 14.Rfe1 Qb6 15.b3 Nd7 16.Bf4 a6
17.Qg3 Bxf4 18.Qxf4 Qf6 19.Qxf6 Nxf6 20.Re7 b5 21.Bf1 Rfd8 22.Rd1 Rd7 23.Rxd7 Nxd7
24.d6 Rd8 25.Nd5 Be4 26.Nc7 Bb7 27.a4 c4 28.axb5 cxb3 29.bxa6 Be4 30.Bd3 Bc6
31.a7 Nb6 32.Bb5 Be4 33.Rd2 Bc2 34.Bd3 Rxd6 35.Bxh7+ Kxh7 36.Rxd6 Nc4 37.a8=Q b2
38.Qb8 b1=Q+ 39.Qxb1 Bxb1 40.Rd4 Ne5 41.Nb5 f6 42.Nc3 Bf5 43.Ra4 Bd7 44.Ra5 Bc6
45.f3 Kh6 46.Ne4 Ng6 47.Kh2 Nh4 48.Ra6 Bd5 49.Ra5 Bb7 50.Kg3 Ng6 51.Nf2 Ne5
52.Ng4+ Nxg4 53.hxg4 g5 54.Rb5 Ba8 55.Kf2 Kg6 56.Ke3 Bc6 57.Rb6 Bd7 58.g3 Bc8
59.Kd4 Bd7 60.Kc5 Ba4 61.Kd6 Kf7 62.Ra6 Bd1 63.Ra3 Be2 64.Re3 Bd1 65.Kc5 Kg6
66.Kd4 Ba4 67.Ra3 Bd7 68.Ke3 Be6 69.Ra6 Bb3 70.Rd6 Kf7 71.f4 Ke7 72.Rb6 Bd1
73.fxg5 fxg5 74.Rg6 Bxg4 75.Rxg5 Be6 76.Kf4 Kf6 77.Ra5 Bb3 78.g4 Bc4 79.Rc5 Bb3
80.g5+ Kg7 81.Rc6 Ba2 82.Rc7+ Kg6 83.Ra7 Bb3 84.Kg4 Bd1+ 85.Kh4 Bc2 86.Rc7 Bd3
87.Re7 Bc2 88.Re2 Bd1 89.Rd2 Bf3 90.Kg3 Be4 91.Kf4 Bb1 92.Rd6+ Kg7 93.Ke5 Bc2
94.Rf6 Bd3 95.Kd6 Bc2 96.Ke7  1/2-1/2

[Event "Pays de Charleroi Open"]
[Site "Charleroi BEL"]
[Date "2011.08.04"]
[Round "7.10"]
[White "Willen,R"]
[Black "Schuermans,R"]
[Result "0-1"]
[WhiteElo "1842"]
[BlackElo "2143"]

1.d4 d5 2.c4 Nc6 3.Nc3 dxc4 4.Nf3 Nf6 5.e4 Bg4 6.Be3 e6 7.Bxc4 Bb4 8.Qc2 O-O
9.Rd1 Ne7 10.O-O Bxc3 11.bxc3 Ng6 12.Be2 Qe7 13.h3 Bxf3 14.Bxf3 e5 15.d5 Rfc8
16.Qd3 c5 17.c4 Qd6 18.Rb1 Rc7 19.Rb3 Ne8 20.Rfb1 Qe7 21.g3 Nd6 22.Bg2 Nf8
23.a4 Nd7 24.a5 b5 25.axb6 axb6 26.Qc2 Ra4 27.Bf1 Rca7 28.R3b2 Qd8 29.f4 f6
30.fxe5 fxe5 31.h4 Qf6 32.Bg5 Qf3 33.Bg2 Qxg3 34.Rb3 Qg4 35.Rc3 Ra2  0-1

[Event "15th HZ Open"]
[Site "Vlissingen NED"]
[Date "2011.08.06"]
[Round "9"]
[White "Henrichs,T"]
[Black "Ortmann,D"]
[Result "1-0"]
[WhiteElo "2475"]
[BlackElo "2322"]

1.d4 d5 2.c4 Nc6 3.Nc3 dxc4 4.Nf3 Nf6 5.Bg5 Nd5 6.e4 Nxc3 7.bxc3 Na5 8.Be2 g6
9.O-O Bg7 10.Qc1 b6 11.Rd1 O-O 12.Qe3 Re8 13.h3 Qd7 14.Bh6 Qe6 15.Bxg7 Kxg7
16.d5 Qd6 17.e5 Qc5 18.Qf4 f6 19.Nd2 g5 20.Qf3 f5 21.Qh5 Rg8 22.Nf3 h6 23.e6 Qd6
24.Nxg5 hxg5 25.Qxg5+ Kh7 26.Qxf5+ Kh6 27.Rd4  1-0

[Event "23rd Jirasek Mem GM"]
[Site "Rakovnik CZE"]
[Date "2011.08.10"]
[Round "6.4"]
[White "Neuman,P"]
[Black "Vojta,T"]
[Result "1-0"]
[WhiteElo "2454"]
[BlackElo "2368"]

1.d4 d5 2.c4 Nc6 3.Nc3 Nf6 4.Nf3 dxc4 5.e4 Bg4 6.Be3 e6 7.Bxc4 Bb4 8.Qd3 O-O
9.Bb5 Bxf3 10.gxf3 Ne7 11.a3 Bxc3+ 12.Qxc3 Ng6 13.O-O-O c6 14.Bc4 Qc7 15.Kb1 a5
16.h4 Nh5 17.Rdg1 Qe7 18.Rg5 b5 19.Rxh5 bxc4 20.Rc5 Rfb8 21.Qxc4 Qf6 22.Qe2 h6
23.h5 Ne7 24.Rhc1 Rb6 25.R1c2 a4 26.f4 Qh4 27.f3 Rab8 28.Qf1 Rb3 29.Qg1 Rxa3
30.f5 exf5 31.Bxh6 Qf6 32.Bf4 Rb7 33.Be5 Qh6 34.Bxg7 Qxg7 35.Rg2 Ng6 36.hxg6 f6
37.Rxc6 Qd7 38.Rgc2 Rab3 39.Qh2 Rxb2+ 40.Rxb2 Qxc6 41.Rxb7 Qxb7+ 42.Qb2 Qd7
43.Qa2+ Kg7 44.Qd5 Qxd5 45.exd5 Kxg6 46.Kb2 Kf7 47.Ka3 Ke7 48.Kxa4 Kd6 49.Kb4 Kxd5
50.Kc3 Kd6 51.Kc4 Kc6 52.d5+ Kd6 53.Kd4 Kc7 54.Kc5 f4 55.d6+ Kc8 56.Kd4 Kd8
57.Ke4 Kd7 58.Kd5  1-0

[Event "24th Panevezys Open"]
[Site "Panevezys LTU"]
[Date "2011.08.11"]
[Round "4.3"]
[White "Beinoras,M"]
[Black "Juknis,P"]
[Result "1-0"]
[WhiteElo "2331"]
[BlackElo "2140"]

1.d4 d5 2.c4 Nc6 3.Nc3 Nf6 4.Nf3 dxc4 5.e4 Bg4 6.Be3 e6 7.Qa4 Nd7 8.Qxc4 Nb6
9.Qd3 Bxf3 10.gxf3 Qh4 11.O-O-O O-O-O 12.Qc2 Bd6 13.Rg1 Bf4 14.Rg4 Bxe3+
15.fxe3 Qf6 16.f4 g6 17.Rg5 Kb8 18.Rc5 Rc8 19.Nb5 Nb4 20.Qb3 Na6 21.Rc3 Qe7
22.Na3 Nb4 23.Bb5 Rhd8 24.Rc5 Na6 25.Bxa6 bxa6 26.Nc4 Qe8 27.Na5 c6 28.Kb1 Rc7
29.Rdc1 Rdc8 30.Nc4  1-0